Paisaje y territorio: perspectivas didácticas y metodológicas. Seminario nacional de investigación en educación geográfica

Salvato in:
Dettagli Bibliografici
Autore principale: Araya Palacios, Fabián Rodrigo (Autore)
Natura: Libro
Lingua:spagnolo
Pubblicazione: La Serena Universidad de La Serena 2012
Edizione:1a. ed
Soggetti:
Tags: Aggiungi Tag
Nessun Tag, puoi essere il primo ad aggiungerne!!

MARC

LEADER 00000cam a2200000 a 4500
001 UCF9876
003 CL-VaPUC
005 20210911074641.0
008 131220e20120000cl 1 spa d
020 |a 9789567393732 
082 0 4 |a 372.891  |b ARA  |2 21 
100 1 |a Araya Palacios, Fabián Rodrigo  |e author  |9 622019 
245 1 0 |a Paisaje y territorio: perspectivas didácticas y metodológicas. Seminario nacional de investigación en educación geográfica 
250 |a 1a. ed 
260 |a La Serena  |b Universidad de La Serena  |c 2012 
300 |a 97 p 
583 |a last modification  |c 20131220 10:31:00  |k Rodrigo Vera 
650 0 0 |a Enseñanza de la geografía  |9 310005 
650 0 0 |a Evaluación de la educación   |9 237505 
650 0 0 |a Didáctica   |9 369923 
650 0 0 |a Métodos de enseñanza  |9 270413 
942 |c BK 
945 |a dcastane  |d 20131220 10:31:00 
546 |a En Español 
536 |a Universidad de La Serena 
518 |p Seminario Nacional de Investigación en Educación Geográfica, 3, La Serena, julio de 2012 
999 |c 384747  |d 384745 
952 |0 0  |1 0  |3 erb  |4 0  |6 372_891000000000000_ARA_2012  |7 0  |8 A  |9 507679  |a BIBING  |b BIBING  |i 5027985  |o 372.891 ARA 2012  |p 5027985  |r 2025-01-20  |w 2020-01-23  |y BK  |z Catalogado en:20131220  |k GEO 
952 |0 0  |1 0  |3 erb  |4 0  |6 372_891000000000000_ARA_2012  |7 0  |8 A  |9 507680  |a BIBING  |b BIBING  |i 5027993  |l 1  |o 372.891 ARA 2012  |p 5027993  |r 2025-01-20  |s 2023-08-21  |w 2020-01-23  |y BK  |z Catalogado en:20131220  |k GEO